| 000 | 00471nam a22001577a 4500 | ||
|---|---|---|---|
| 020 | _qHard Cover. | ||
| 082 | _a658.4 | ||
| 100 | _aMazhar, Saima | ||
| 245 |
_aEstablishing Job Placement Center at Faiz-e-Aam Welfare Trust _cSaima Mazhar. |
||
| 260 |
_aIslamabad: _bNBS-NUST, _c2017. |
||
| 300 |
_a26 p. : _bill. ; _c30cm. |
||
| 650 |
_aEMBA-Thesis. _917645 |
||
| 700 |
_aQuratulain. _926532 |
||
| 942 |
_2ddc _cTHE |
||
| 999 |
_c532920 _d532920 |
||